| 000 | 00342nam a22001217a 4500 | ||
|---|---|---|---|
| 082 |
_a338.9 _bTEC _cD |
||
| 245 |
_aThe technology of rural development _cThe world bank |
||
| 260 |
_aWashington _bThe world bank _c1978 |
||
| 300 |
_a47 p. : _bill, ; _c24 cm. |
||
| 526 |
_a0 _b0 _c0 _d338_900000000000000_TEC |
||
| 650 |
_aMCE _9379 |
||
| 942 |
_2ddc _cBK |
||
| 999 |
_c542134 _d542134 |
||